[Event "Rio Branco IRT 3rd"]
[Site "Rio Branco"]
[Date "2016.08.07"]
[Round "5.8"]
[White "Aguillar, Oliver Hans Escurra"]
[Black "Dos Santos, Janio Silva"]
[Result "1-0"]
[WhiteElo "1636"]
[BlackElo "1846"]
[PlyCount "37"]
[EventDate "2016.08.04"]
[EventType "swiss"]
[EventRounds "6"]
[EventCountry "BRA"]
[SourceTitle "EXT 2022"]
[Source "ChessBase"]
[SourceDate "2021.10.06"]
[SourceVersion "1"]
[SourceVersionDate "2021.10.06"]
[SourceQuality "1"]

1. e4 c5 2. Nf3 Nc6 3. d4 cxd4 4. Nxd4 Nf6 5. Nc3 a6 6. Be2 d6 7. Be3 e6 8. 0-0 Qc7 9. Qd2 Bd7 10. Rad1 Be7 11. a3 h5 12. Bg5 d5 13. Bxf6 gxf6 14. exd5 Ne5 15. Nf3 Rg8 16. d6 Qc6 17. dxe7 Qxf3 18. Qxd7+ Nxd7 19. Bxf3 1-0

[Event "Rio Branco IRT 3rd"]
[Site "Rio Branco"]
[Date "2016.08.04"]
[Round "1.9"]
[White "De Oliveira, Gabriel Moreira"]
[Black "Dos Santos, Janio Silva"]
[Result "1/2-1/2"]
[WhiteElo "1610"]
[BlackElo "1846"]
[PlyCount "46"]
[EventDate "2016.08.04"]
[EventType "swiss"]
[EventRounds "6"]
[EventCountry "BRA"]
[SourceTitle "EXT 2022"]
[Source "ChessBase"]
[SourceDate "2021.10.06"]
[SourceVersion "1"]
[SourceVersionDate "2021.10.06"]
[SourceQuality "1"]

1. d4 d5 2. Bf4 Nf6 3. e3 a6 4. Nf3 Bg4 5. Nbd2 e6 6. h3 Bh5 7. Bd3 c5 8. c3 Nc6 9. 0-0 Rc8 10. Re1 cxd4 11. cxd4 Bd6 12. Bxd6 Qxd6 13. Qb3 0-0 14. Rac1 Nb4 15. Bb1 b5 16. a3 Nc6 17. Qc3 Rc7 18. Qc5 Qxc5 19. Rxc5 Nd7 20. Rc3 Rcc8 21. Rec1 Ne7 22. Rxc8 Rxc8 23. Rxc8+ Nxc8 1/2-1/2

[Event "Belem Regional Norte"]
[Site "Belem"]
[Date "2016.03.19"]
[Round "4"]
[White "Abreu, Nilton Silva"]
[Black "Dos Santos, Janio Silva"]
[Result "1-0"]
[WhiteElo "2006"]
[BlackElo "1816"]
[PlyCount "154"]
[EventDate "2016.03.18"]
[EventType "swiss"]
[EventRounds "6"]
[EventCountry "BRA"]
[SourceTitle "CBM 171 Extra"]
[Source "ChessBase"]
[SourceDate "2016.04.26"]
[SourceVersion "1"]
[SourceVersionDate "2016.04.26"]
[SourceQuality "1"]

1. e4 e6 2. d4 d5 3. Nd2 c5 4. Ngf3 cxd4 5. Nxd4 dxe4 6. Nxe4 Nf6 7. Nxf6+ Qxf6 8. Be3 Be7 9. Bd3 0-0 10. 0-0 Nd7 11. c3 Ne5 12. Bc2 Rd8 13. Qe2 Bd7 14. Rad1 Be8 15. Rfe1 Ng6 16. g3 e5 17. Nf5 Bc6 18. Nxe7+ Qxe7 19. Rxd8+ Rxd8 20. Bxa7 Qe6 21. a3 Qh3 22. Be4 Qe6 23. Bxc6 Qxc6 24. h4 b6 25. Qe3 Rd6 26. h5 Nf8 27. c4 Qxc4 28. Bxb6 Nd7 29. Ba5 f6 30. Rc1 Qd4 31. Qb3+ Qd5 32. Qc3 Nf8 33. Bb4 Rd8 34. Qc4 Qxc4 35. Rxc4 Ne6 36. Bc3 Kf7 37. a4 Rd7 38. a5 Nc7 39. Rc6 Nd5 40. a6 Nxc3 41. Rxc3 Ra7 42. Ra3 Ke7 43. b4 Kd7 44. b5 Kc7 45. h6 Kb6 46. hxg7 Rxg7 47. Kg2 Ra7 48. Rb3 Rf7 49. Kf3 f5 50. Ke3 h5 51. f4 Rg7 52. Kf3 e4+ 53. Ke2 Rd7 54. Ke3 Rg7 55. Kd4 Re7 56. Ra3 Ka7 57. Kc5 e3 58. b6+ Ka8 59. Ra1 e2 60. Re1 Re3 61. Kd6 Kb8 62. Kd5 Kc8 63. a7 Kb7 64. Ra1 Re8 65. Re1 Kxb6 66. Rxe2 Rd8+ 67. Ke5 Kxa7 68. Kxf5 Rg8 69. Re3 Kb6 70. Re6+ Kc7 71. Rg6 Rh8 72. Rg7+ Kd6 73. Kg5 Ke6 74. f5+ Ke5 75. f6 Ke6 76. Re7+ Kd6 77. Re3 Kd5 1-0